<?xml version="1.0" encoding="UTF-8"?>
<collection xmlns="http://www.loc.gov/MARC21/slim">
 <record>
  <leader>00909nab a2200229 i 4500</leader>
  <controlfield tag="001">misc63475</controlfield>
  <controlfield tag="005">20221024155618.0</controlfield>
  <controlfield tag="008">220518s1953    hu      o     0||   fre d</controlfield>
  <datafield tag="040" ind1=" " ind2=" ">
   <subfield code="a">SZTE Miscellanea Repozitórium</subfield>
   <subfield code="b">hun</subfield>
  </datafield>
  <datafield tag="041" ind1=" " ind2=" ">
   <subfield code="a">fre</subfield>
  </datafield>
  <datafield tag="100" ind1="1" ind2=" ">
   <subfield code="a">Kotwicz Wladyslaw</subfield>
  </datafield>
  <datafield tag="245" ind1="1" ind2="0">
   <subfield code="a">Contributions aux études altaïques </subfield>
   <subfield code="h">[elektronikus dokumentum] :</subfield>
   <subfield code="b">A. Les termes concernant le service des relais postaux. B. Les titres princiers; turc bäg, mo. begi et ma. beile /</subfield>
   <subfield code="c"> Kotwicz Wladyslaw</subfield>
  </datafield>
  <datafield tag="260" ind1=" " ind2=" ">
   <subfield code="a">Nakładem Polskiego Tow. Orientalistycznego</subfield>
   <subfield code="b">Kraków</subfield>
   <subfield code="c">1953</subfield>
  </datafield>
  <datafield tag="300" ind1=" " ind2=" ">
   <subfield code="a">327-368</subfield>
   <subfield code="c">22 cm</subfield>
  </datafield>
  <datafield tag="300" ind1=" " ind2=" ">
   <subfield code="a">[41] p.</subfield>
   <subfield code="c">22 cm</subfield>
  </datafield>
  <datafield tag="490" ind1="0" ind2=" ">
   <subfield code="a">Rocznik Orientalistyczny</subfield>
  </datafield>
  <datafield tag="561" ind1=" " ind2=" ">
   <subfield code="a">Németh Gyula hagyaték</subfield>
  </datafield>
  <datafield tag="591" ind1=" " ind2=" ">
   <subfield code="a">NOA 2914</subfield>
  </datafield>
  <datafield tag="650" ind1=" " ind2="4">
   <subfield code="a">Bölcsészettudományok</subfield>
  </datafield>
  <datafield tag="650" ind1=" " ind2="4">
   <subfield code="a">Nyelvek és irodalom</subfield>
  </datafield>
  <datafield tag="695" ind1=" " ind2=" ">
   <subfield code="a">Etimológia - altaji</subfield>
  </datafield>
  <datafield tag="856" ind1="4" ind2="0">
   <subfield code="u">http://misc.bibl.u-szeged.hu/63475/1/2914_noa_k75.pdf</subfield>
   <subfield code="z">Dokumentum-elérés </subfield>
  </datafield>
 </record>
</collection>
